|
|
|
|
| LEADER |
00673ncm a22002052a 4500 |
| 001 |
000566332 |
| 003 |
CZ BrMZK |
| 005 |
20150521132744.0 |
| 007 |
qu |
| 008 |
000105s1948 fr zxx d |
| 040 |
|
|
|a BOA001
|b cze
|
| 072 |
|
7 |
|a 786
|x Hudba pro klávesové nástroje
|2 Konspekt
|9 9
|
| 100 |
1 |
|
|a Alain, Jehan,
|d 1911-1940
|7 ola2002142470
|4 cmp
|
| 245 |
1 |
2 |
|a L'oeuvre d'orgue.
|n Tome I
|h [hudebnina] /
|c de Jehan Alain
|
| 260 |
|
|
|a Paris :
|b Alphonse Leduc,
|c c1948
|
| 300 |
|
|
|a 1 partitura (30 s.)
|
| 910 |
|
|
|a BOA001
|b Mus4-0232.426,1
|
| 990 |
|
|
|a MU
|
| 991 |
|
|
|b 201211
|
| 996 |
6 |
|
|b 2619731659
|c Mus4-0232.426,1
|l MZK
|r Sklad / do 1 hodiny
|n 4
|w 000566332
|u 000010
|a 1
|e BOA001
|j MZK50
|s P
|